[Event "CRO-chT (Women) 28th"]
[Site "Mali Losinj"]
[Date "2019.10.05"]
[Round "9.53"]
[White "Alaber, Maja"]
[Black "Turk, Vesna"]
[Result "0-1"]
[WhiteElo "1494"]
[BlackElo "1694"]
[PlyCount "104"]
[EventDate "2019.09.28"]
[EventType "team-tourn"]
[EventRounds "9"]
[EventCountry "CRO"]
[SourceTitle "EXT 2020"]
[Source "ChessBase"]
[SourceDate "2019.10.17"]
[SourceVersion "1"]
[SourceVersionDate "2019.10.17"]
[SourceQuality "1"]
[WhiteTeam "Zagreb Ericsson Tesla (W)"]
[BlackTeam "Sisak (W)"]
[WhiteTeamCountry "CRO"]
[BlackTeamCountry "CRO"]

1. e4 c5 2. Nc3 e6 3. Nf3 Nc6 4. g3 d6 5. Bg2 Nf6 6. 0-0 Be7 7. d3 0-0 8. Be3 e5 9. Nd2 Ng4 10. Nd5 Nxe3 11. Nxe3 f5 12. exf5 Bxf5 13. Nxf5 Rxf5 14. Be4 Rf6 15. Qh5 g6 16. Bd5+ Kh8 17. Qg4 Rf5 18. c3 Qf8 19. Ne4 Nd8 20. a3 Rb8 21. b4 b6 22. Rab1 cxb4 23. Rxb4 Rc8 24. Rc4 Rxc4 25. Bxc4 Nf7 26. Be6 Nh6 27. Qe2 Rf3 28. Kg2 Rf7 29. Bxf7 Qxf7 30. c4 d5 31. Nd2 Bd6 32. a4 Nf5 33. Qf3 Bb4 34. Nb3 dxc4 35. Qa8+ Kg7 36. dxc4 Qxc4 37. Qxa7+ Kh6 38. Nc1 Bd2 39. Qxb6 Bxc1 40. a5 Ba3 41. Ra1 Bc5 42. Qf6 Qe2 43. Kh3 Bxf2 44. Qf8+ Kh5 45. a6 Ba7 46. Qb4 Nd4 47. Qb7 h6 48. Qxa7 Qg4+ 49. Kg2 Qf3+ 50. Kh3 Ne2 51. Qf7 Nf4+ 52. Qxf4 exf4 0-1

[Event "CRO-chT (Women) 28th"]
[Site "Mali Losinj"]
[Date "2019.09.30"]
[Round "4.44"]
[White "Batory, Lucija"]
[Black "Turk, Vesna"]
[Result "1-0"]
[WhiteElo "1683"]
[BlackElo "1694"]
[PlyCount "91"]
[EventDate "2019.09.28"]
[EventType "team-tourn"]
[EventRounds "9"]
[EventCountry "CRO"]
[SourceTitle "EXT 2020"]
[Source "ChessBase"]
[SourceDate "2019.10.17"]
[SourceVersion "1"]
[SourceVersionDate "2019.10.17"]
[SourceQuality "1"]
[WhiteTeam "Ravna Gora Goranka (W)"]
[BlackTeam "Sisak (W)"]
[WhiteTeamCountry "CRO"]
[BlackTeamCountry "CRO"]

1. e4 c5 2. c3 e6 3. Nf3 d5 4. exd5 Qxd5 5. d4 Nf6 6. Bd3 c4 7. Bc2 Be7 8. b3 0-0 9. Bf4 Nc6 10. bxc4 Qxc4 11. Bd3 Qd5 12. 0-0 Qd8 13. Qb3 b6 14. Nbd2 Bb7 15. Rac1 Nh5 16. Be3 Nf6 17. Bb1 Rc8 18. Qc2 g6 19. Ng5 Ng4 20. Nge4 Nf6 21. Nxf6+ Bxf6 22. Ne4 Bg7 23. Qd3 Qe7 24. Bg5 f6 25. Bh4 Rfd8 26. f4 Rd5 27. a4 e5 28. Ba2 Na5 29. Bxd5+ Bxd5 30. Rfe1 Bc4 31. Qf3 Rf8 32. fxe5 Qb7 33. Nxf6+ Kh8 34. Qh3 Bh6 35. Rcd1 Bb3 36. Rd3 Bc2 37. Rf3 Bf5 38. g4 Bc8 39. e6 Nc6 40. g5 Bg7 41. Bg3 Bxf6 42. Rxf6 Qe7 43. Rf7 Qxf7 44. exf7 Bxh3 45. d5 Na5 46. Be5# 1-0

[Event "CRO-chT (Women) 27th"]
[Site "Biograd"]
[Date "2018.09.08"]
[Round "1.14"]
[White "Turk, Vesna"]
[Black "Ivekovic, Zvjezdana"]
[Result "0-1"]
[WhiteElo "1728"]
[BlackElo "1703"]
[PlyCount "98"]
[EventDate "2018.09.08"]
[EventType "team-tourn"]
[EventRounds "9"]
[EventCountry "CRO"]
[SourceTitle "CBM 186 Extra"]
[Source "ChessBase"]
[SourceDate "2018.08.24"]
[SourceVersion "1"]
[SourceVersionDate "2018.08.24"]
[SourceQuality "1"]
[WhiteTeam "Sisak (W)"]
[BlackTeam "Djakovo Dama (W)"]
[WhiteTeamCountry "CRO"]
[BlackTeamCountry "CRO"]

1. d4 d5 2. Nf3 Nf6 3. Bg5 e6 4. e3 Bb4+ 5. c3 Bd6 6. Bd3 h6 7. Bh4 Nbd7 8. Nbd2 c6 9. e4 dxe4 10. Nxe4 Be7 11. Nxf6+ Nxf6 12. Ne5 Qd5 13. 0-0 g5 14. Bg3 h5 15. f4 g4 16. Bh4 Nd7 17. Qe1 Nxe5 18. fxe5 Qd8 19. Qf2 Rf8 20. Bxe7 Qxe7 21. Qf6 Bd7 22. Qxe7+ Kxe7 23. Rf6 Rac8 24. Raf1 c5 25. Rh6 cxd4 26. cxd4 Rh8 27. Rhf6 Rhf8 28. Rh6 Rh8 29. Rhf6 Rhf8 30. Kf2 Bc6 31. Kg3 h4+ 32. Kf2 h3 33. gxh3 gxh3 34. Ke3 Bg2 35. Rg1 Rg8 36. Rf2 Rg4 37. Rf4 Rxf4 38. Kxf4 f6 39. exf6+ Kxf6 40. Re1 Rd8 41. Ke3 Kg5 42. Rg1 Kh4 43. Rc1 Rf8 44. Rc7 Rf3+ 45. Ke2 Rf4 46. Rh7+ Kg5 47. Rg7+ Kf6 48. Rg6+ Kf7 49. Ke3 Rf3+ 0-1

[Event "CRO-chT (Women)"]
[Site "Sibenik"]
[Date "2016.10.09"]
[Round "2.4"]
[White "Medic, Mirjana"]
[Black "Turk, Vesna"]
[Result "1/2-1/2"]
[WhiteElo "2166"]
[BlackElo "1745"]
[PlyCount "83"]
[EventDate "2016.10.08"]
[EventType "team-tourn"]
[EventRounds "9"]
[EventCountry "CRO"]
[SourceTitle "EXT 2017"]
[Source "ChessBase"]
[SourceDate "2016.10.25"]
[SourceVersion "1"]
[SourceVersionDate "2016.10.25"]
[SourceQuality "1"]
[WhiteTeam "Busevec Polet (W)"]
[BlackTeam "Sisak (W)"]
[WhiteTeamCountry "CRO"]
[BlackTeamCountry "CRO"]

1. d4 d5 2. c4 dxc4 3. Nf3 Nf6 4. e3 c5 5. Bxc4 e6 6. 0-0 Be7 7. Qe2 0-0 8. Rd1 Qc7 9. Nc3 a6 10. e4 cxd4 11. Nxd4 b5 12. Bb3 Bb7 13. a3 Nbd7 14. Bg5 Bc5 15. Bh4 Rfe8 16. Bg3 Qb6 17. Nf3 Rad8 18. h3 Nh5 19. Bh4 f6 20. Nh2 Nf4 21. Qg4 Ng6 22. Bg3 Nde5 23. Qe2 Kh8 24. a4 b4 25. a5 Qc7 26. Rxd8 Rxd8 27. Na4 Qxa5 28. Rc1 Ba7 29. Qc2 Bc6 30. Nc5 Bxc5 31. Qxc5 Qxc5 32. Rxc5 Bxe4 33. Ng4 Nd3 34. Ra5 Nxb2 35. Rxa6 h5 36. Rxe6 Bf5 37. Re2 Nd1 38. Ne3 Nxe3 39. Rxe3 Rd3 40. Re8+ Kh7 41. Bg8+ Kh6 42. Rb8 1/2-1/2

[Event "CRO-chT (Women)"]
[Site "Bol"]
[Date "2014.10.06"]
[Round "3.1"]
[White "Turk, Vesna"]
[Black "Videnova, Iva"]
[Result "0-1"]
[WhiteElo "1707"]
[BlackElo "2388"]
[PlyCount "50"]
[EventDate "2014.10.04"]
[EventType "team-tourn"]
[EventRounds "7"]
[EventCountry "CRO"]
[SourceTitle "CBM 162 Extra"]
[Source "ChessBase"]
[SourceDate "2014.10.17"]
[SourceVersion "1"]
[SourceVersionDate "2014.10.17"]
[SourceQuality "1"]
[WhiteTeam "Sisak (W)"]
[BlackTeam "Rijeka Liburnija (W)"]
[WhiteTeamCountry "CRO"]
[BlackTeamCountry "CRO"]

1. d4 Nf6 2. Nf3 g6 3. Bg5 Bg7 4. Nbd2 0-0 5. c3 d6 6. h3 Nbd7 7. e4 e5 8. Bd3 h6 9. Bh4 g5 10. Bg3 Nh5 11. Nf1 Nf4 12. Ne3 Re8 13. Qc2 Nxd3+ 14. Qxd3 exd4 15. Nxd4 Nc5 16. Qc2 Nxe4 17. Ne2 f5 18. Bh2 f4 19. f3 Nc5 20. Ng4 Qe7 21. 0-0-0 Bxg4 22. hxg4 Qxe2 23. Qg6 Qe6 24. Qc2 Qxa2 25. Qg6 Re2 0-1

[Event "CRO-chT (Women)"]
[Site "Bol"]
[Date "2014.10.04"]
[Round "1.2"]
[White "Turk, Vesna"]
[Black "Voiska, Margarita"]
[Result "0-1"]
[WhiteElo "1707"]
[BlackElo "2324"]
[PlyCount "44"]
[EventDate "2014.10.04"]
[EventType "team-tourn"]
[EventRounds "7"]
[EventCountry "CRO"]
[SourceTitle "CBM 162 Extra"]
[Source "ChessBase"]
[SourceDate "2014.10.17"]
[SourceVersion "1"]
[SourceVersionDate "2014.10.17"]
[SourceQuality "1"]
[WhiteTeam "Sisak (W)"]
[BlackTeam "Zagreb Mladost (W)"]
[WhiteTeamCountry "CRO"]
[BlackTeamCountry "CRO"]

1. d4 c5 2. Nf3 cxd4 3. Nxd4 Nc6 4. c3 e5 5. Nxc6 bxc6 6. g3 Nf6 7. Bg2 Bc5 8. 0-0 a5 9. b3 0-0 10. a3 d5 11. Bb2 Rb8 12. b4 e4 13. e3 Ng4 14. Qd2 Ne5 15. Qe2 Bg4 16. f3 exf3 17. Bxf3 Nxf3+ 18. Kh1 Ne5 19. Qd2 Nc4 20. Qc1 Bxe3 21. Qc2 d4 22. h3 d3 0-1

[Event "Topusko op 3rd"]
[Site "Topusko"]
[Date "2014.08.11"]
[Round "5"]
[White "Nikolic, Emil"]
[Black "Turk, Vesna"]
[Result "1-0"]
[WhiteElo "2139"]
[BlackElo "1708"]
[PlyCount "97"]
[EventDate "2014.08.08"]
[EventType "swiss"]
[EventRounds "9"]
[EventCountry "CRO"]
[SourceTitle "CBM 162 Extra"]
[Source "ChessBase"]
[SourceDate "2014.10.17"]
[SourceVersion "1"]
[SourceVersionDate "2014.10.17"]
[SourceQuality "1"]

1. c4 c6 2. g3 e6 3. Nf3 Nf6 4. b3 d5 5. Bb2 Be7 6. Bg2 0-0 7. 0-0 Qb6 8. d3 Rd8 9. Qc2 Nbd7 10. Nbd2 Nf8 11. e4 dxe4 12. Nxe4 Nxe4 13. dxe4 Nd7 14. Rad1 f6 15. Kh1 Qc7 16. Nd4 Nf8 17. c5 e5 18. Ne2 Be6 19. Bc1 Qa5 20. Be3 Rxd1 21. Rxd1 Rd8 22. Rxd8 Qxd8 23. b4 a5 24. a3 axb4 25. axb4 Qa8 26. Qd2 Qa1+ 27. Nc1 Qb1 28. f3 Nd7 29. Bf1 Nb8 30. Qc3 Na6 31. Bd2 Nxb4 32. Qxb4 Qc2 33. Be2 b5 34. Be3 f5 35. exf5 Bd5 36. Kg2 Bc4 37. Kf2 Bxe2 38. Nxe2 Qxf5 39. Qg4 Qxg4 40. fxg4 b4 41. Nc1 e4 42. Nb3 Bf6 43. Bd4 Kf7 44. Ke3 Ke6 45. Kxe4 h6 46. h4 g6 47. Na5 Be7 48. Nxc6 Bxc5 49. Bxc5 1-0

[Event "CRO-chT3B Center North"]
[Site "Croatia"]
[Date "2014.05.04"]
[Round "4.1"]
[White "Turk, Vesna"]
[Black "Skuhala, Luka"]
[Result "0-1"]
[WhiteElo "1728"]
[BlackElo "1877"]
[PlyCount "90"]
[EventDate "2014.04.06"]
[EventType "team-tourn"]
[EventRounds "9"]
[EventCountry "CRO"]
[SourceTitle "EXT 2019"]
[Source "ChessBase"]
[SourceDate "2018.10.10"]
[SourceVersion "1"]
[SourceVersionDate "2018.10.10"]
[SourceQuality "1"]

1. d4 Nf6 2. Nf3 e6 3. Bg5 d5 4. e3 Be7 5. c4 0-0 6. Nc3 Ne4 7. Bxe7 Qxe7 8. Nxe4 dxe4 9. Nd2 f5 10. g3 e5 11. f4 exd4 12. exd4 e3 13. Nb1 Qb4+ 14. Nc3 Qxb2 15. Be2 Qxc3+ 16. Kf1 Rd8 17. d5 c6 18. Rc1 Qd2 19. Kg2 b6 20. Kh3 Bb7 21. Qf1 Rd6 22. Qf3 Qd4 23. Rhd1 Qe4 24. Qxe4 fxe4 25. dxc6 Bc8+ 26. Kg2 Rd2 27. Kf1 Bh3+ 28. Ke1 Nxc6 29. Rxd2 exd2+ 30. Kxd2 Nd4 31. Bd1 Ne6 32. Ke3 Nc5 33. Bc2 Rd8 34. Rd1 Rxd1 35. Bxd1 Bf1 36. Be2 Bxe2 37. Kxe2 Kf7 38. Ke3 h5 39. h3 Kf6 40. g4 hxg4 41. hxg4 g5 42. a3 a6 43. a4 a5 44. f5 Ke5 45. Kd2 Nxa4 0-1

[Event "Medimurska CupT"]
[Site "Croatia"]
[Date "2014.03.08"]
[Round "5.3"]
[White "Ivancic, Dario"]
[Black "Turk, Vesna"]
[Result "1/2-1/2"]
[WhiteElo "1874"]
[BlackElo "1728"]
[PlyCount "117"]
[EventDate "2014.02.08"]
[EventType "team-swiss"]
[EventRounds "6"]
[EventCountry "CRO"]
[SourceTitle "EXT 2023"]
[Source "ChessBase"]
[SourceDate "2022.10.05"]
[SourceVersion "1"]
[SourceVersionDate "2022.10.05"]
[SourceQuality "1"]

1. b3 Nf6 2. Bb2 d5 3. Nf3 Bf5 4. e3 e6 5. Be2 Be7 6. 0-0 0-0 7. c4 a5 8. Nc3 c6 9. d4 Bb4 10. Na4 Bd6 11. h3 Nbd7 12. Nc3 Bb4 13. a3 Bxc3 14. Bxc3 Ne4 15. Bb2 b6 16. Nd2 Qg5 17. Nxe4 Bxe4 18. Bf3 f5 19. Bxe4 fxe4 20. a4 Rf6 21. Kh2 Raf8 22. Qe2 Qh4 23. g3 Qh6 24. Ba3 R8f7 25. Bd6 Rf3 26. Kg2 Qh5 27. Ra2 e5 28. dxe5 Nxe5 29. Bxe5 Qxe5 30. cxd5 Qxd5 31. Qc4 R3f5 32. Rc2 c5 33. Rfc1 h6 34. Qb5 R5f6 35. Qc4 Qf5 36. Qe2 Rd6 37. g4 Qg6 38. Rd1 Rd3 39. Rb2 Rfd7 40. Rxd3 Rxd3 41. Qc2 Kh8 42. Qe2 Qf7 43. Qc2 Qf3+ 44. Kh2 Qf6 45. Qe2 Qe5+ 46. Kg2 Qd6 47. Qc2 Qf6 48. Rb1 Qf3+ 49. Kh2 Qf6 50. Rb2 Qc3 51. Qxc3 Rxc3 52. h4 g6 53. g5 h5 54. Kg3 c4 55. bxc4 Rxc4 56. Rxb6 Kg7 57. Rb7+ Kg8 58. Rb8+ Kg7 59. Rb7+ 1/2-1/2

[Event "Djakovo (Women) op"]
[Site "Djakovo"]
[Date "2014.01.11"]
[Round "1"]
[White "Ivekovic, Tihana"]
[Black "Turk, Vesna"]
[Result "1-0"]
[WhiteElo "2041"]
[BlackElo "1729"]
[PlyCount "87"]
[EventDate "2014.01.11"]
[EventType "swiss"]
[EventRounds "5"]
[EventCountry "CRO"]
[SourceTitle "EXT 2016"]
[Source "ChessBase"]
[SourceDate "2015.10.08"]
[SourceVersion "1"]
[SourceVersionDate "2015.10.08"]
[SourceQuality "1"]

1. d4 d5 2. c4 c6 3. Nc3 Nf6 4. Nf3 dxc4 5. a4 Bf5 6. e3 e6 7. Bxc4 Bb4 8. 0-0 0-0 9. h3 Nbd7 10. Nh4 Bg6 11. Nxg6 hxg6 12. Qb3 Bxc3 13. bxc3 Qb6 14. Ba3 Qxb3 15. Bxb3 Rfe8 16. Bc2 Nb6 17. a5 Nc4 18. Bb4 b6 19. axb6 axb6 20. Bd3 Nd2 21. Rfd1 Nde4 22. f3 c5 23. fxe4 cxb4 24. cxb4 Rxa1 25. Rxa1 Rc8 26. Kf2 Rc3 27. Ke2 Rb3 28. b5 Rb2+ 29. Kf3 Rb3 30. Ra8+ Kh7 31. Be2 Rb2 32. Rb8 Nxe4 33. Kxe4 Rxe2 34. Rxb6 Rxg2 35. Rb8 g5 36. b6 Rb2 37. Ke5 Rb3 38. e4 Kg6 39. d5 Rxh3 40. d6 Rd3 41. b7 g4 42. Rc8 g3 43. b8Q g2 44. Rc1 1-0

[Event "CRO-chT3B Center North"]
[Site "Croatia"]
[Date "2013.10.26"]
[Round "9.2"]
[White "Jambrovic, Gabrijel"]
[Black "Turk, Vesna"]
[Result "1/2-1/2"]
[WhiteElo "1803"]
[BlackElo "1734"]
[PlyCount "82"]
[EventDate "2013.04.14"]
[EventType "team-tourn"]
[EventRounds "9"]
[EventCountry "CRO"]
[SourceTitle "EXT 2019"]
[Source "ChessBase"]
[SourceDate "2018.10.10"]
[SourceVersion "1"]
[SourceVersionDate "2018.10.10"]
[SourceQuality "1"]

1. d4 d5 2. c4 e6 3. Nf3 dxc4 4. Nc3 Nf6 5. e3 Bb4 6. Bxc4 c6 7. a3 Bxc3+ 8. bxc3 Ne4 9. Qc2 Qa5 10. Bb2 Nf6 11. 0-0 0-0 12. e4 Nbd7 13. Bd3 h6 14. c4 Qd8 15. e5 Ne8 16. Rfd1 f5 17. c5 Nc7 18. Bc4 Nb8 19. Ne1 Nd5 20. Nd3 a5 21. Qe2 Qg5 22. Bxd5 cxd5 23. Bc1 Qh4 24. Nf4 Kh7 25. Rd3 Nc6 26. g3 Qe7 27. Rb1 a4 28. Qh5 Qf7 29. Qxf7 Rxf7 30. Rb6 Re7 31. h4 Ra6 32. h5 Rxb6 33. cxb6 Na5 34. Bd2 Nc4 35. Bb4 Re8 36. Bc5 Bd7 37. Ng6 Kg8 38. f3 Ra8 39. g4 Bb5 40. Rc3 fxg4 41. fxg4 Nd2 1/2-1/2

[Event "CRO-chT3B Center North"]
[Site "Croatia"]
[Date "2013.10.13"]
[Round "7.1"]
[White "Turk, Vesna"]
[Black "Tramburovski, Stevan"]
[Result "1/2-1/2"]
[WhiteElo "1734"]
[BlackElo "1826"]
[PlyCount "42"]
[EventDate "2013.04.14"]
[EventType "team-tourn"]
[EventRounds "9"]
[EventCountry "CRO"]
[SourceTitle "EXT 2019"]
[Source "ChessBase"]
[SourceDate "2018.10.10"]
[SourceVersion "1"]
[SourceVersionDate "2018.10.10"]
[SourceQuality "1"]

1. d4 e6 2. Nf3 d5 3. Bg5 Nf6 4. e3 h6 5. Bh4 Be7 6. c4 0-0 7. Nc3 c6 8. c5 b6 9. b4 a5 10. a3 Nbd7 11. Bd3 Ba6 12. 0-0 Bxd3 13. Qxd3 Nh5 14. Bxe7 Qxe7 15. Rfc1 Rfc8 16. g3 Nhf6 17. e4 dxe4 18. Nxe4 Nxe4 19. Qxe4 Nf6 20. Qh4 b5 21. Ne5 Qc7 1/2-1/2

[Event "Topusko op 2nd"]
[Site "Topusko"]
[Date "2013.08.06"]
[Round "4"]
[White "Hutzheimer, Alfred"]
[Black "Turk, Vesna"]
[Result "1-0"]
[WhiteElo "2011"]
[BlackElo "1728"]
[PlyCount "95"]
[EventDate "2013.08.03"]
[EventType "swiss"]
[EventRounds "7"]
[EventCountry "CRO"]
[SourceTitle "CBM 155 Extra"]
[Source "ChessBase"]
[SourceDate "2013.08.26"]
[SourceVersion "1"]
[SourceVersionDate "2013.08.26"]
[SourceQuality "1"]

1. d4 d5 2. c4 c6 3. cxd5 cxd5 4. Bf4 Nc6 5. Nc3 a6 6. e3 Nf6 7. Bd3 e6 8. Nf3 Be7 9. a3 Nh5 10. Bg3 Nxg3 11. hxg3 g6 12. Qc2 Bf6 13. Rc1 Bd7 14. Rh2 0-0 15. Ke2 Kg7 16. Rch1 Rh8 17. Qd2 Bg5 18. Qe1 f5 19. Nxg5 Qxg5 20. f4 Qf6 21. Kf2 h5 22. Be2 Rh6 23. g4 fxg4 24. Bxg4 Rah8 25. Bf3 Ne7 26. Qd2 Nf5 27. g3 h4 28. g4 Ng3 29. g5 Nxh1+ 30. Rxh1 Qf5 31. gxh6+ Rxh6 32. e4 dxe4 33. Bxe4 Qf8 34. Qe3 g5 35. Rg1 Kh8 36. Rxg5 h3 37. Bh1 Bc6 38. Qe5+ Kh7 39. d5 Qc5+ 40. Qe3 Qxe3+ 41. Kxe3 exd5 42. Nxd5 h2 43. Kd4 Kh8 44. f5 Rh4+ 45. Ke5 Rh6 46. Rg4 Rh5 47. Nf6 Bxh1 48. Rg8# 1-0

[Event "Topusko op 2nd"]
[Site "Topusko"]
[Date "2013.08.03"]
[Round "1"]
[White "Turk, Vesna"]
[Black "Purgar, Ivona"]
[Result "0-1"]
[WhiteElo "1728"]
[BlackElo "2147"]
[PlyCount "96"]
[EventDate "2013.08.03"]
[EventType "swiss"]
[EventRounds "7"]
[EventCountry "CRO"]
[SourceTitle "CBM 155 Extra"]
[Source "ChessBase"]
[SourceDate "2013.08.26"]
[SourceVersion "1"]
[SourceVersionDate "2013.08.26"]
[SourceQuality "1"]

1. d4 Nf6 2. Nf3 e6 3. Bg5 h6 4. Bh4 c5 5. c3 d5 6. e3 Nbd7 7. Bb5 Be7 8. dxc5 0-0 9. c6 bxc6 10. Bxc6 Rb8 11. Bxd7 Nxd7 12. Bxe7 Qxe7 13. b3 Ba6 14. Qd4 e5 15. Qxd5 Nc5 16. Nxe5 Qxe5 17. Qxe5 Nd3+ 18. Kd2 Nxe5 19. c4 Rfd8+ 20. Kc2 Ng4 21. Nc3 Nxf2 22. Rhe1 Bb7 23. Re2 Ne4 24. g3 Nxc3 25. Kxc3 Be4 26. Rd2 Rxd2 27. Kxd2 Rd8+ 28. Ke2 Kf8 29. Rc1 Ke7 30. c5 Bc6 31. a4 Rd5 32. Rc4 Re5 33. Kd3 Rf5 34. Ke2 Kd7 35. e4 Re5 36. Ke3 f5 37. Kf4 Rxe4+ 38. Rxe4 fxe4 39. b4 Bxa4 40. Kxe4 Kc6 41. Ke5 Bd1 42. h3 Be2 43. h4 g5 44. hxg5 hxg5 45. Kd4 g4 46. Ke5 Bf3 47. Kd4 Kb5 48. Ke3 Kxb4 0-1

[Event "Mediterranean Flower (Women) 13th"]
[Site "Rijeka"]
[Date "2013.03.10"]
[Round "2"]
[White "Turk, Vesna"]
[Black "Kukic, Lora"]
[Result "0-1"]
[WhiteElo "1734"]
[BlackElo "1932"]
[PlyCount "92"]
[EventDate "2013.03.09"]
[EventType "swiss"]
[EventRounds "9"]
[EventCountry "CRO"]
[SourceTitle "CBM 153 Extra"]
[Source "ChessBase"]
[SourceDate "2013.04.22"]
[SourceVersion "1"]
[SourceVersionDate "2013.04.22"]
[SourceQuality "1"]

1. d4 c5 2. Nf3 cxd4 3. Qxd4 Nc6 4. Qd1 d5 5. c3 Nf6 6. Bg5 Ne4 7. Bf4 Qb6 8. e3 Qxb2 9. Nbd2 Nxc3 10. Qc1 Qxc1+ 11. Rxc1 Nxa2 12. Ra1 Nab4 13. Kd1 a6 14. Nb3 e6 15. Bb5 Bd7 16. Kd2 Be7 17. Bxc6 Nxc6 18. Rhc1 0-0 19. Nc5 Bc8 20. Nxa6 Bf6 21. Ra2 Bd7 22. Bd6 Rxa6 23. Rxa6 bxa6 24. Bxf8 Kxf8 25. Rb1 Ke7 26. Kd3 a5 27. Nd4 Nb4+ 28. Kd2 Kd6 29. f4 Kc5 30. Rc1+ Kb6 31. Rb1 Bxd4 32. exd4 Bb5 33. g4 Bc4 34. f5 exf5 35. gxf5 Bd3 36. Rg1 g6 37. f6 a4 38. Kc3 Ka5 39. Re1 Be4 40. Rg1 a3 41. Kb3 a2 42. Rc1 Bb1 43. Rc5+ Kb6 44. Kxb4 a1Q 45. Rb5+ Kc6 46. Rc5+ Kd6 0-1